Process heat transfer / (Record no. 21434)

MARC details
000 -LEADER
fixed length control field 01087nam a2200337 i 4500
003 - CONTROL NUMBER IDENTIFIER
control field EG-ScBUE
005 - DATE AND TIME OF LATEST TRANSACTION
control field 20250615083424.0
008 - FIXED-LENGTH DATA ELEMENTS--GENERAL INFORMATION
fixed length control field 160316r20151997ii a f 001 0 eng d
020 ## - INTERNATIONAL STANDARD BOOK NUMBER
International Standard Book Number 9780074632178
020 ## - INTERNATIONAL STANDARD BOOK NUMBER
International Standard Book Number 0074632175
040 ## - CATALOGING SOURCE
Original cataloging agency EG-ScBUE
Language of cataloging eng
Description conventions rda
Transcribing agency EG-ScBUE
Modifying agency EG-ScBUE
082 04 - DEWEY DECIMAL CLASSIFICATION NUMBER
Classification number 536.1
Item number KER
Edition number 22
100 1# - MAIN ENTRY--PERSONAL NAME
Personal name Kern, Donald Quentin,
Dates associated with a name 1914-
Relator term author.
9 (RLIN) 39574
245 10 - TITLE STATEMENT
Title Process heat transfer /
Statement of responsibility, etc by Donald Q. Kern.
250 ## - EDITION STATEMENT
Edition statement Indian edition.
250 ## - EDITION STATEMENT
Edition statement Reprint edition.
264 #1 - PUBLICATION, DISTRIBUTION, ETC. (IMPRINT)
Place of publication, distribution, etc Delhi :
Name of publisher, distributor, etc McGraw-Hill Education (India) Private Limited,
Date of publication, distribution, etc 2015.
300 ## - PHYSICAL DESCRIPTION
Extent xii, 871 pages :
Other physical details illustrations ;
Dimensions 24 cm
336 ## - CONTENT TYPE
Source rdacontent
Content type term text
Content type code txt
337 ## - MEDIA TYPE
Media type term unmediated
Source rdamedia
Media type code n
338 ## - CARRIER TYPE
Carrier type term volume
Carrier type code nc
Source rdacarrier
500 ## - GENERAL NOTE
General note Reprinted of 1997 ed.
500 ## - GENERAL NOTE
General note previous edition 28th Indian reprint ed., 2015.
500 ## - GENERAL NOTE
General note Includes indexes.
650 #7 - SUBJECT ADDED ENTRY--TOPICAL TERM
Topical term or geographic name as entry element Heat
General subdivision Transmission.
Source of heading or term BUEsh
9 (RLIN) 3121
650 #7 - SUBJECT ADDED ENTRY--TOPICAL TERM
Topical term or geographic name as entry element Heating.
Source of heading or term BUEsh
651 ## - SUBJECT ADDED ENTRY--GEOGRAPHIC NAME
Source of heading or term BUEsh
653 ## - INDEX TERM--UNCONTROLLED
Resource For college Engineering, Chemical
Arrived date list March2016
-- March2019
655 ## - INDEX TERM--GENRE/FORM
Form subdivision Reading book
9 (RLIN) 34232
942 ## - ADDED ENTRY ELEMENTS (KOHA)
Source of classification or shelving scheme Dewey Decimal Classification
Koha item type Book - Borrowing
Holdings
Withdrawn status Lost status Source of classification or shelving scheme Damaged status Not for loan Collection code Home library Current library Shelving location Date acquired Source of acquisition Total Checkouts Full call number Barcode Date last seen Koha item type Price effective from Cost, normal purchase price Date checked out Cost, replacement price
    Dewey Decimal Classification     Baccah Central Library Central Library First floor 16/03/2016 Purchase   536.1 KER 000032081 15/07/2025 NB - Book (Non borrowing)        
    Dewey Decimal Classification     Baccah Central Library Central Library First floor 16/03/2016 Purchase   536.1 KER 000032082 15/07/2025 Book - Borrowing 16/03/2016      
    Dewey Decimal Classification     Baccah Central Library Central Library First floor 26/03/2019 Purchase 1 536.1 KER 000044480 15/07/2025 Book - Borrowing   280.00 18/07/2022 350.00